<?xml version="1.0" encoding="UTF-8"?>
<record
    xmlns:xsi="http://www.w3.org/2001/XMLSchema-instance"
    xsi:schemaLocation="http://www.loc.gov/MARC21/slim http://www.loc.gov/standards/marcxml/schema/MARC21slim.xsd"
    xmlns="http://www.loc.gov/MARC21/slim">

  <leader>02843nam a2200337 a 4500</leader>
  <controlfield tag="001">40179</controlfield>
  <controlfield tag="003">BD-RjUL</controlfield>
  <controlfield tag="005">20211209053144.0</controlfield>
  <controlfield tag="008">160423m19651959ii ||||| |||| 00| 0 ben d</controlfield>
  <datafield tag="020" ind1=" " ind2=" ">
    <subfield code="c">: IRs 7.00 (V-1, Pt-1)</subfield>
  </datafield>
  <datafield tag="020" ind1=" " ind2=" ">
    <subfield code="c">: IRs 8.00 (V-1, Pt-2)</subfield>
  </datafield>
  <datafield tag="020" ind1=" " ind2=" ">
    <subfield code="c">: IRs. 30.00 (V-2)</subfield>
  </datafield>
  <datafield tag="035" ind1=" " ind2=" ">
    <subfield code="a">(BD-RjUL)40294</subfield>
  </datafield>
  <datafield tag="040" ind1=" " ind2=" ">
    <subfield code="a">BD-RjUL</subfield>
    <subfield code="b">ben </subfield>
    <subfield code="c">BD-RjUL</subfield>
  </datafield>
  <datafield tag="041" ind1=" " ind2=" ">
    <subfield code="a">ben </subfield>
  </datafield>
  <datafield tag="082" ind1=" " ind2=" ">
    <subfield code="2">23 </subfield>
    <subfield code="a">109 </subfield>
    <subfield code="b">PRA 1959 </subfield>
  </datafield>
  <datafield tag="245" ind1="0" ind2="0">
    <subfield code="a">&#x9AA;&#x9CD;&#x9B0;&#x9BE;&#x99A;&#x9CD;&#x9AF; &#x993; &#x9AA;&#x9BE;&#x9B6;&#x9CD;&#x99A;&#x9BE;&#x9A4;&#x9CD;&#x9AF; &#x9A6;&#x9B0;&#x9CD;&#x9B6;&#x9A8;&#x9C7;&#x9B0; &#x987;&#x9A4;&#x9BF;&#x9B9;&#x9BE;&#x9B8; /</subfield>
    <subfield code="c">&#x9B8;&#x9AE;&#x9CD;&#x9AA;&#x9BE;&#x9A6;&#x995; &#x9AE;&#x9A3;&#x9CD;&#x9A1;&#x9B2;&#x9C0;: &#x9B8;&#x9B0;&#x9CD;&#x9AC;&#x9C7;&#x9AA;&#x9B2;&#x9CD;&#x9B2;&#x9C0; &#x9B0;&#x9BE;&#x9A7;&#x9BE;&#x995;&#x9C3;&#x9B7;&#x9CD;&#x9A3;&#x9A3;&#x9CD; , &#x9B8;&#x9AD;&#x9BE;&#x9AA;&#x9A4;&#x9BF; ;  &#x995;&#x9B0;&#x9CD;&#x9AE;&#x9B8;&#x99A;&#x9BF;&#x9AC;: &#x986;&#x9B0;&#x9A6;&#x9C7;&#x9B6;&#x9BF;&#x9B0; &#x9B0;&#x9BE;&#x9A4;&#x9A8;&#x99C;&#x9BF; &#x993;&#x9AF;&#x9BC;&#x9BE;&#x9A1;&#x9BF;&#x9AF;&#x9BC;&#x9BE;, &#x9A7;&#x9C0;&#x9B0;&#x9C7;&#x9A8;&#x9CD;&#x9A6;&#x9CD;&#x9B0;&#x9AE;&#x9CB;&#x9B9;&#x9A8; &#x9A6;&#x9A4;&#x9CD;&#x9A4;, &#x9B9;&#x9C1;&#x9AE;&#x9BE;&#x9AF;&#x9BC;&#x9C1;&#x9A8; &#x995;&#x9AC;&#x9BF;&#x9B0; ; &#x9AC;&#x9BE;&#x982;&#x9B2;&#x9BE; &#x9B8;&#x982;&#x9B8;&#x9CD;&#x995;&#x9B0;&#x9A3;&#x9C7;&#x9B0; &#x9B8;&#x9AE;&#x9CD;&#x9AA;&#x9BE;&#x9A6;&#x995; &#x9AE;&#x9A3;&#x9CD;&#x9A1;&#x9B2;&#x9C0;: &#x9B9;&#x9C1;&#x9AE;&#x9BE;&#x9AF;&#x9BC;&#x9C1;&#x9A8; &#x995;&#x9AC;&#x9BF;&#x9B0;, &#x9B8;&#x9AD;&#x9BE;&#x9AA;&#x9A4;&#x9BF; ;  &#x995;&#x9B0;&#x9CD;&#x9AE;&#x9B8;&#x99A;&#x9BF;&#x9AC;: &#x9B0;&#x9BE;&#x9B8;&#x9AC;&#x9BF;&#x9B9;&#x9BE;&#x9B0;&#x9C0; &#x9A6;&#x9BE;&#x9B8;, &#x985;&#x9AE;&#x9BF;&#x9AF;&#x9BC;&#x995;&#x9C1;&#x9AE;&#x9BE;&#x9B0; &#x9AE;&#x99C;&#x9C1;&#x9AE;&#x9A6;&#x9BE;&#x9B0;</subfield>
  </datafield>
  <datafield tag="250" ind1=" " ind2=" ">
    <subfield code="a">&#x9E7;&#x9AE; &#x9B8;&#x982;. , &#x9AC;&#x9BE;&#x982;&#x9B2;&#x9BE; &#x9B8;&#x982;.</subfield>
  </datafield>
  <datafield tag="260" ind1=" " ind2=" ">
    <subfield code="a">&#x995;&#x9B2;&#x9BF;&#x995;&#x9BE;&#x9A4;&#x9BE; :</subfield>
    <subfield code="b">&#x98F;&#x9AE;. &#x9B8;&#x9BF;. &#x9B8;&#x9B0;&#x995;&#x9BE;&#x9B0; &#x985;&#x9CD;&#x9AF;&#x9BE;&#x9A8;&#x9CD;&#x9A1; &#x9B8;&#x9A8;&#x9CD;&#x9B8; &#x9AA;&#x9CD;&#x9B0;&#x9BE;&#x987;&#x9AD;&#x9C7;&#x99F; &#x9B2;&#x9BF;&#x9AE;&#x9BF;&#x99F;&#x9C7;&#x9A1;,</subfield>
    <subfield code="c">&#x9E7;&#x9EF;&#x9EB;&#x9EF;-&#x9E7;&#x9EF;&#x9EC;&#x9EB; (&#x986;&#x9B6;&#x9CD;&#x9AC;&#x9BF;&#x9A8; &#x9E7;&#x9E9;&#x9EC;&#x9EC; - &#x9AC;&#x9C8;&#x9B6;&#x9BE;&#x996; &#x9E7;&#x9E9;&#x9ED;&#x9E8;) </subfield>
  </datafield>
  <datafield tag="300" ind1=" " ind2=" ">
    <subfield code="a"> &#x996;&#x9A3;&#x9CD;&#x9A1; ;</subfield>
    <subfield code="c">&#x9E8;&#x9E8; &#x9B8;&#x9C7;&#x9AE;&#x9BF; </subfield>
  </datafield>
  <datafield tag="505" ind1="0" ind2=" ">
    <subfield code="a">&#x996;&#x9A3;&#x9CD;&#x9A1; &#x9E7;(&#x9AD;&#x9BE;&#x997; &#x9E7;) --  &#x996;&#x9A3;&#x9CD;&#x9A1; &#x9E7;(&#x9AD;&#x9BE;&#x997; &#x9E8;) -- &#x996;&#x9A3;&#x9CD;&#x9A1; &#x9E8; -- </subfield>
  </datafield>
  <datafield tag="650" ind1=" " ind2=" ">
    <subfield code="a">&#x9A6;&#x9B0;&#x9CD;&#x9B6;&#x9A8;</subfield>
    <subfield code="x">&#x987;&#x9A4;&#x9BF;&#x9B9;&#x9BE;&#x9B8;</subfield>
    <subfield code="9">237072</subfield>
  </datafield>
  <datafield tag="650" ind1=" " ind2=" ">
    <subfield code="a">Philosophy</subfield>
    <subfield code="x">History</subfield>
    <subfield code="9">237073</subfield>
  </datafield>
  <datafield tag="700" ind1=" " ind2=" ">
    <subfield code="a">&#x9B0;&#x9BE;&#x9A7;&#x9BE;&#x995;&#x9C3;&#x9B7;&#x9CD;&#x9A3;&#x9A8;, &#x9B8;&#x9B0;&#x9CD;&#x9AC;&#x9C7;&#x9AA;&#x9B2;&#x9CD;&#x9B2;&#x9C0;,  &#x9B8;&#x9AE;&#x9CD;&#x9AA;&#x9BE;&#x9A6;&#x995; &#x9AE;&#x9A3;&#x9CD;&#x9A1;&#x9B2;&#x9C0;&#x9B0; &#x9B8;&#x9AD;&#x9BE;&#x9AA;&#x9A4;&#x9BF; </subfield>
    <subfield code="9">123694</subfield>
  </datafield>
  <datafield tag="700" ind1=" " ind2=" ">
    <subfield code="a">&#x993;&#x9AF;&#x9BC;&#x9BE;&#x9A1;&#x9BF;&#x9AF;&#x9BC;&#x9BE;, &#x986;&#x9B0;&#x9A6;&#x9C7;&#x9B6;&#x9BF;&#x9B0; &#x9B0;&#x9BE;&#x9A4;&#x9A8;&#x99C;&#x9BF;, &#x9B8;&#x9AE;&#x9CD;&#x9AA;&#x9BE;&#x9A6;&#x995; &#x9AE;&#x9A3;&#x9CD;&#x9A1;&#x9B2;&#x9C0;&#x9B0; &#x995;&#x9B0;&#x9CD;&#x9AE;&#x9B8;&#x99A;&#x9BF;&#x9AC;</subfield>
    <subfield code="9">123695</subfield>
  </datafield>
  <datafield tag="700" ind1=" " ind2=" ">
    <subfield code="a">&#x9A6;&#x9A4;&#x9CD;&#x9A4;, &#x9A7;&#x9C0;&#x9B0;&#x9C7;&#x9A8;&#x9CD;&#x9A6;&#x9CD;&#x9B0;&#x9AE;&#x9CB;&#x9B9;&#x9A8;, &#x9B8;&#x9AE;&#x9CD;&#x9AA;&#x9BE;&#x9A6;&#x995; &#x9AE;&#x9A3;&#x9CD;&#x9A1;&#x9B2;&#x9C0;&#x9B0; &#x9AF;&#x9C1;&#x997;&#x9CD;&#x9AE; &#x995;&#x9B0;&#x9CD;&#x9AE;&#x9B8;&#x99A;&#x9BF;&#x9AC;</subfield>
    <subfield code="9">237074</subfield>
  </datafield>
  <datafield tag="700" ind1=" " ind2=" ">
    <subfield code="a">&#x995;&#x9AC;&#x9BF;&#x9B0;, &#x9B9;&#x9C1;&#x9AE;&#x9BE;&#x9AF;&#x9BC;&#x9C1;&#x9A8;, &#x9B8;&#x9AE;&#x9CD;&#x9AA;&#x9BE;&#x9A6;&#x995; &#x9AE;&#x9A3;&#x9CD;&#x9A1;&#x9B2;&#x9C0;&#x9B0; &#x9AF;&#x9C1;&#x997;&#x9CD;&#x9AE; &#x995;&#x9B0;&#x9CD;&#x9AE;&#x9B8;&#x99A;&#x9BF;&#x9AC; &#x993; &#x9AC;&#x9BE;&#x982;&#x9B2;&#x9BE; &#x9B8;&#x982;&#x9B8;&#x9CD;&#x995;&#x9B0;&#x9A3;&#x9C7;&#x9B0; &#x9B8;&#x9AE;&#x9CD;&#x9AA;&#x9BE;&#x9A6;&#x995; &#x9AE;&#x9A3;&#x9CD;&#x9A1;&#x9B2;&#x9C0;&#x9B0; &#x9B8;&#x9AD;&#x9BE;&#x9AA;&#x9A4;&#x9BF; </subfield>
    <subfield code="9">237075</subfield>
  </datafield>
  <datafield tag="700" ind1=" " ind2=" ">
    <subfield code="a">&#x9A6;&#x9BE;&#x9B8;, &#x9B0;&#x9BE;&#x9B8;&#x9AC;&#x9BF;&#x9B9;&#x9BE;&#x9B0;&#x9C0;, &#x9AC;&#x9BE;&#x982;&#x9B2;&#x9BE; &#x9B8;&#x982;&#x9B8;&#x9CD;&#x995;&#x9B0;&#x9A3;&#x9C7;&#x9B0; &#x9B8;&#x9AE;&#x9CD;&#x9AA;&#x9BE;&#x9A6;&#x995; &#x9AE;&#x9A3;&#x9CD;&#x9A1;&#x9B2;&#x9C0;&#x9B0; &#x995;&#x9B0;&#x9CD;&#x9AE;&#x9B8;&#x99A;&#x9BF;&#x9AC;  </subfield>
    <subfield code="9">237076</subfield>
  </datafield>
  <datafield tag="700" ind1=" " ind2=" ">
    <subfield code="a">&#x9AE;&#x99C;&#x9C1;&#x9AE;&#x9A6;&#x9BE;&#x9B0;, &#x985;&#x9AE;&#x9BF;&#x9AF;&#x9BC;&#x995;&#x9C1;&#x9AE;&#x9BE;&#x9B0;, &#x9AC;&#x9BE;&#x982;&#x9B2;&#x9BE; &#x9B8;&#x982;&#x9B8;&#x9CD;&#x995;&#x9B0;&#x9A3;&#x9C7;&#x9B0; &#x9B8;&#x9AE;&#x9CD;&#x9AA;&#x9BE;&#x9A6;&#x995; &#x9AE;&#x9A3;&#x9CD;&#x9A1;&#x9B2;&#x9C0;&#x9B0; &#x9AF;&#x9C1;&#x997;&#x9CD;&#x9AE; &#x995;&#x9B0;&#x9CD;&#x9AE;&#x9B8;&#x99A;&#x9BF;&#x9AC;  </subfield>
    <subfield code="9">237077</subfield>
  </datafield>
  <datafield tag="942" ind1=" " ind2=" ">
    <subfield code="2">ddc</subfield>
    <subfield code="c">BK</subfield>
  </datafield>
  <datafield tag="999" ind1=" " ind2=" ">
    <subfield code="c">40179</subfield>
    <subfield code="d">40179</subfield>
  </datafield>
  <datafield tag="952" ind1=" " ind2=" ">
    <subfield code="0">0</subfield>
    <subfield code="1">0</subfield>
    <subfield code="2">ddc</subfield>
    <subfield code="4">0</subfield>
    <subfield code="7">0</subfield>
    <subfield code="8">NFIC</subfield>
    <subfield code="a">RUCL</subfield>
    <subfield code="b">RUCL</subfield>
    <subfield code="c">Stack</subfield>
    <subfield code="d">1990-07-16</subfield>
    <subfield code="e">Sawkat Osman </subfield>
    <subfield code="g">7.00</subfield>
    <subfield code="l">1</subfield>
    <subfield code="o">B 109 PRA V-1(Pt-1) 1959</subfield>
    <subfield code="r">2022-01-24 00:00:00</subfield>
    <subfield code="s">2022-01-09</subfield>
    <subfield code="t">C-2</subfield>
    <subfield code="w">2021-12-09</subfield>
    <subfield code="y">BK</subfield>
  </datafield>
  <datafield tag="952" ind1=" " ind2=" ">
    <subfield code="0">0</subfield>
    <subfield code="1">0</subfield>
    <subfield code="2">ddc</subfield>
    <subfield code="4">0</subfield>
    <subfield code="7">0</subfield>
    <subfield code="8">NFIC</subfield>
    <subfield code="a">RUCL</subfield>
    <subfield code="b">RUCL</subfield>
    <subfield code="c">Stack</subfield>
    <subfield code="d">1981-06-30</subfield>
    <subfield code="e">Rajshahi, Eureka Book Agency</subfield>
    <subfield code="g">90.00</subfield>
    <subfield code="l">0</subfield>
    <subfield code="o">B 109 PRA V-2 1965 </subfield>
    <subfield code="r">2016-05-09 00:00:00</subfield>
    <subfield code="t">C-2</subfield>
    <subfield code="w">2021-12-09</subfield>
    <subfield code="y">BK</subfield>
  </datafield>
  <datafield tag="952" ind1=" " ind2=" ">
    <subfield code="0">0</subfield>
    <subfield code="1">0</subfield>
    <subfield code="2">ddc</subfield>
    <subfield code="4">0</subfield>
    <subfield code="7">0</subfield>
    <subfield code="8">NFIC</subfield>
    <subfield code="a">RUCL</subfield>
    <subfield code="b">RUCL</subfield>
    <subfield code="c">Stack</subfield>
    <subfield code="d">1990-06-12</subfield>
    <subfield code="e">Swakat Osman, Dhaka.</subfield>
    <subfield code="g">15.00</subfield>
    <subfield code="l">0</subfield>
    <subfield code="o">B 109  PRA V-2 1965</subfield>
    <subfield code="r">2016-07-17 00:00:00</subfield>
    <subfield code="t">C-3</subfield>
    <subfield code="w">2021-12-09</subfield>
    <subfield code="y">BK</subfield>
  </datafield>
  <datafield tag="952" ind1=" " ind2=" ">
    <subfield code="0">0</subfield>
    <subfield code="1">0</subfield>
    <subfield code="2">ddc</subfield>
    <subfield code="4">0</subfield>
    <subfield code="7">0</subfield>
    <subfield code="8">NFIC</subfield>
    <subfield code="a">RUCL</subfield>
    <subfield code="b">RUCL</subfield>
    <subfield code="c">Stack</subfield>
    <subfield code="d">1990-06-12</subfield>
    <subfield code="e">Shawkat Osman, Dhaka</subfield>
    <subfield code="g">8.00</subfield>
    <subfield code="l">2</subfield>
    <subfield code="o">B 109 PRA V-1(Pt-2) 1961</subfield>
    <subfield code="r">2017-11-21 00:00:00</subfield>
    <subfield code="s">2017-09-19</subfield>
    <subfield code="t">C-2</subfield>
    <subfield code="w">2021-12-09</subfield>
    <subfield code="y">BK</subfield>
  </datafield>
  <datafield tag="952" ind1=" " ind2=" ">
    <subfield code="0">0</subfield>
    <subfield code="1">0</subfield>
    <subfield code="2">ddc</subfield>
    <subfield code="4">0</subfield>
    <subfield code="7">1</subfield>
    <subfield code="8">NFIC</subfield>
    <subfield code="a">RUCL</subfield>
    <subfield code="b">RUCL</subfield>
    <subfield code="c">Reading</subfield>
    <subfield code="d">1964-03-30</subfield>
    <subfield code="e">Faruk Library, Rajshahi</subfield>
    <subfield code="g">8.00</subfield>
    <subfield code="l">0</subfield>
    <subfield code="o">B 109  PRA V-1 1961 </subfield>
    <subfield code="r">2016-12-05 00:00:00</subfield>
    <subfield code="t">C-1</subfield>
    <subfield code="w">2016-12-05</subfield>
    <subfield code="y">BK</subfield>
  </datafield>
  <datafield tag="952" ind1=" " ind2=" ">
    <subfield code="0">0</subfield>
    <subfield code="1">0</subfield>
    <subfield code="2">ddc</subfield>
    <subfield code="4">0</subfield>
    <subfield code="7">1</subfield>
    <subfield code="8">NFIC</subfield>
    <subfield code="a">RUCL</subfield>
    <subfield code="b">RUCL</subfield>
    <subfield code="c">Reading</subfield>
    <subfield code="d">1964-03-31</subfield>
    <subfield code="g">7.00</subfield>
    <subfield code="l">1</subfield>
    <subfield code="o">B 109 PRA V-1(Pt-1) 1959</subfield>
    <subfield code="r">2017-03-20 00:00:00</subfield>
    <subfield code="s">2017-01-05</subfield>
    <subfield code="t">C-1</subfield>
    <subfield code="w">2021-12-09</subfield>
    <subfield code="y">BK</subfield>
  </datafield>
</record>
